Songs With American Place Names - 1980's & 1990's - Statistics

General Stats
  • This quiz has been taken 112 times
  • The average score is 5 of 15
Answer Stats
Song Title/Year Answer % Correct
Streets Of Philadelphia (1993) Bruce Springsteen
81%
Graceland (1986) Paul Simon
81%
Straight Outta Compton (1988) NWA
78%
Englishman In New York (1987) Sting
77%
Miami Vice Theme (1985) Jan Hammer
54%
Walking In Memphis (1991) Marc Cohn
52%
Tennessee (1992) Arrested Development
19%
Blue Savannah (1989) Erasure
16%
Drinking In LA (1997) Bran Van 3000
10%
Walking Down Madison (1991) Kirsty MacColl
10%
NY State Of Mind (1994) Nas
8%
Alabama Song (1980) David Bowie
7%
Anchorage (1988) Michelle Shocked
7%
Rainy Night In Georgia (1981) Randy Crawford
6%
New Orleans (1981) Gillan
5%
No matching quizzes found
Score Distribution
Percent of People with Each Score
Percentile by Number Answered
Your Score History
You have not taken this quiz